Оптимизация работы ног при совершенствовании акцентированных ударов в боксе; Вестник Томского государственного университета; № 354
| Parent link: | Вестник Томского государственного университета/ Национальный исследовательский Томский государственный университет (ТГУ).— , 1998- № 354.— 2012.— [С. 177-179] |
|---|---|
| Andere auteurs: | , , , |
| Samenvatting: | Заглавие с экрана Режим доступа: по договору с организацией-держателем ресурса |
| Taal: | Russisch |
| Gepubliceerd in: |
2012
|
| Onderwerpen: | |
| Online toegang: | http://elibrary.ru/item.asp?id=17385331& |
| Formaat: | MixedMaterials Elektronisch Hoofdstuk |
| KOHA link: | https://koha.lib.tpu.ru/cgi-bin/koha/opac-detail.pl?biblionumber=637219 |
MARC
| LEADER | 00000naa0a2200000 4500 | ||
|---|---|---|---|
| 001 | 637219 | ||
| 005 | 20250920111957.0 | ||
| 035 | |a (RuTPU)RU\TPU\network\1317 | ||
| 090 | |a 637219 | ||
| 100 | |a 20140606d2012 k||y0rusy50 ca | ||
| 101 | 0 | |a rus | |
| 102 | |a RU | ||
| 135 | |a drcn ---uucaa | ||
| 181 | 0 | |a i | |
| 182 | 0 | |a b | |
| 200 | 1 | |a Оптимизация работы ног при совершенствовании акцентированных ударов в боксе |f С. Н. Неупокоев [и др.] | |
| 203 | |a Текст |c электронный | ||
| 300 | |a Заглавие с экрана | ||
| 320 | |a [Библиогр.: с. 179 (7 назв.)] | ||
| 333 | |a Режим доступа: по договору с организацией-держателем ресурса | ||
| 461 | 1 | |t Вестник Томского государственного университета |f Национальный исследовательский Томский государственный университет (ТГУ) |d 1998- | |
| 463 | 1 | |t № 354 |v [С. 177-179] |d 2012 | |
| 610 | 1 | |a электронный ресурс | |
| 610 | 1 | |a труды учёных ТПУ | |
| 610 | 1 | |a бокс | |
| 610 | 1 | |a удары | |
| 610 | 1 | |a оптимизация | |
| 610 | 1 | |a ноги | |
| 610 | 1 | |a мощность | |
| 701 | 1 | |a Неупокоев |b С. Н. |g Сергей Николаевич | |
| 701 | 1 | |a Капилевич |b Л. В. |c специалист в области физической культуры и спорта |c профессор Томского политехнического университета, доктор медицинских наук |f 1963- |g Леонид Владимирович |3 (RuTPU)RU\TPU\pers\24823 |9 11028 | |
| 701 | 1 | |a Бредихина |b Ю. П. |c специалист в области физической культуры и спорта |c доцент Томского политехнического университета, кандидат медицинских наук |f 1983- |g Юлия Петровна |3 (RuTPU)RU\TPU\pers\32394 |9 16345 | |
| 701 | 1 | |a Павлов |b Н. З. |g Николай Захарович | |
| 801 | 2 | |a RU |b 63413507 |c 20140609 |g RCR | |
| 856 | 4 | |u http://elibrary.ru/item.asp?id=17385331& | |
| 942 | |c CF | ||